Industrial marketing management <a> strategic view of business markets

Salvato in:
Dettagli Bibliografici
Autore principale: Hutt, Michael D.
Altri autori: Speh, Thomas W.
Natura: Libro
Lingua:inglese
Pubblicazione: Chicago The Dryden Press 1984
Edizione:2. ed.
Serie:<The> Dryden press series in marketing
Soggetti:
Tags: Aggiungi Tag
Nessun Tag, puoi essere il primo ad aggiungerne!!

MARC

LEADER 00000nam a2200000 4500
001 c101233
005 20221123135349.9
020 |a 0-03-069307-1 
041 0 |a eng 
044 |a US 
245 1 0 |a Industrial marketing management  |b <a> strategic view of business markets  |c Michael D. Hutt, Thomas W. Speh 
250 |a 2. ed. 
264 1 |a Chicago  |b The Dryden Press  |c 1984 
300 |a 632 s. 
490 1 |a <The> Dryden press series in marketing 
830 0 |a <The> Dryden press series in marketing 
610 2 0 |a priemysel 
610 2 0 |a marketing manažment 
610 2 0 |a obchod 
610 2 0 |a podnikanie 
610 2 0 |a trh 
610 2 0 |a spotreba 
610 2 0 |a kúpa 
610 2 0 |a organizácia 
610 2 0 |a podnik 
610 2 0 |a stratégia marketingová 
610 2 0 |a riadenie 
100 1 |a Hutt, Michael D. 
700 1 |a Speh, Thomas W.